000 00859nam a2200241Ia 4500
003 OSt
005 20220923221854.0
006 a|||||r|||| 00| 0
007 ta
008 220922b |||||||| |||| 00| 0 hin d
024 _a200,682
037 _cTextual
040 _aARTS
_cARTS
_bhin
041 _2hin
_ahin
082 _aV2:25xM69w, 152K9
100 _aगांधी, मोहनदास कर्मचंद
_9159938
245 0 _aसंक्षिप्त आत्मा कथा, संपा हरिभाऊ उपाध्याय
246 _aSankṣpunta ātmā kathā, sanpā0 haribhāū upādhyāya
260 _c1969
650 _aविश्व-इतिहास
942 _hV2:25xM69w, 152K9
_cTEXL
_2CC
999 _c352354
_d352354